Feedback Control Systems (Record no. 295482)

MARC details
000 -LEADER
fixed length control field 00381nam a2200157Ia 4500
008 - FIXED-LENGTH DATA ELEMENTS--GENERAL INFORMATION
fixed length control field 230718s9999 xx 000 0 und d
041 ## - LANGUAGE CODE
Language code of text/sound track or separate title eng
082 ## - DEWEY DECIMAL CLASSIFICATION NUMBER
Classification number 629.83
Item number BAK
100 ## - MAIN ENTRY--PERSONAL NAME
Personal name Bakshi U.A.
245 ## - TITLE STATEMENT
Title Feedback Control Systems
260 ## - PUBLICATION, DISTRIBUTION, ETC. (IMPRINT)
Date of publication, distribution, etc. 1996
Name of publisher, distributor, etc. Technical Publication
300 ## - PHYSICAL DESCRIPTION
Extent 552
365 ## - TRADE PRICE
Currency code Rs.
Price amount 210.00
700 ## - ADDED ENTRY--PERSONAL NAME
Personal name Bakshi U.A. & Goyal S.C.
906 ## - LOCAL DATA ELEMENT F, LDF (RLIN)
c INST
Holdings
Withdrawn status Lost status Damaged status Not for loan Home library Current library Date acquired Vendor Budget Code Cost, normal purchase price Full call number Barcode Date last seen Cost, replacement price Bill Date Koha item type Original Barcode
Withdrawn       Cummins College of Engineering for Women Pune Cummins College of Engineering for Women Pune 27/07/1996 Pradeep Book Distributors INST 210.00 629.83 CCEP-BK-6687 18/07/2023 210.00 27/07/1996 Books 006687